000 00447nam a22001937a 4500
003 MPLRDC
005 20220104143609.0
008 210129b ||||| |||| 00| 0 eng d
020 _a957-8286-63-5
082 _a781 LBW
100 _a林博文
245 _a时代的投影
_c
250 _a初版
260 _a
_b元尊文化
_c1999
300 _b
490 _a林博文作品
650 _a世界名人合传
942 _cBK
_o781 LBW
999 _c41474
_d41464